Talianske poľnohospodárstvo v číslach
Talianske poľnohospodárstvo v roku 2013 - trh s pôdou, výmera poľnohospodárskej pôdy, zamestnanosť, ceny, hrubá pridaná hodnota. Produkcia plodín.
Gespeichert in:
| 1. Verfasser: | |
|---|---|
| Format: | Buchkapitel |
| Sprache: | Slowakisch |
| Schlagworte: | |
| Tags: |
Keine Tags, Fügen Sie das erste Tag hinzu!
|
MARC
| LEADER | 00000nla a2200000 4500 | ||
|---|---|---|---|
| 001 | 0206650 | ||
| 005 | 20240417075100.4 | ||
| 041 | 0 | |a slo | |
| 044 | |a SK | ||
| 245 | 1 | 0 | |a Talianske poľnohospodárstvo v číslach |c Ivan Masár |
| 520 | |a Talianske poľnohospodárstvo v roku 2013 - trh s pôdou, výmera poľnohospodárskej pôdy, zamestnanosť, ceny, hrubá pridaná hodnota. Produkcia plodín. | ||
| 610 | 2 | 0 | |a poľnohospodárstvo |
| 610 | 2 | 0 | |a Taliansko |
| 100 | 1 | |a Masár, Ivan | |